000
00343nam a2200121Ia 4500
008
231129s9999||||xx |||||||||||||| ||spa||
020
_a
958-600-205-5
082
_a
R 001.6403 F853di
100
_a
Freedman Alan
245
0
_a
Diccionario de computacion bilingue
264
_a
McGraw-Hill
942
_2
ddc
_c
BKS
999
_c
9316
_d
9316